[Event "BDO Masters"]
[Site "Haarlem NED"]
[Date "2005.08.31"]
[Round "5"]
[White "Michielsen,J"]
[Black "Abeln,M"]
[Result "0-1"]
[WhiteElo "2320"]
[BlackElo "2355"]

1.e4 d6 2.d4 Nf6 3.Nc3 e5 4.Nf3 exd4 5.Nxd4 Be7 6.g3 d5 7.e5 Ng4 8.Bf4 g5
9.e6 h5 10.h3 Nxf2 11.exf7+ Kf8 12.Bxc7 Qxc7 13.Kxf2 Bc5 14.Qd3 Nc6 15.Nb5 Qe5
16.c3 Bf5 17.Qe3 Qf6 18.Kg1 Kxf7 19.Bg2 a6 20.Bxd5+ Kg6 21.Be4 axb5 22.Bxf5+ Kh6
23.h4 Bxd4 24.cxd4 Qxf5 25.Rf1 Qd5 26.hxg5+ Kg7 27.Rh4 Raf8 28.Rhf4 Rxf4
29.Rxf4 Rd8 30.b3 b4 31.Kh2 Ra8 32.Rf2 Qd6 33.d5 Qxd5 34.Qf4 Qe6 35.Rd2 Rf8
36.Qh4 Ne5 37.Qd4 Kg8  0-1

[Event "4th Open"]
[Site "Lahijan IRI"]
[Date "2005.09.01"]
[Round "9"]
[White "Pashikian,A"]
[Black "Doostkam,P"]
[Result "1-0"]
[WhiteElo "2442"]
[BlackElo "2250"]

1.e4 d6 2.d4 Nf6 3.Nc3 e5 4.Nf3 exd4 5.Nxd4 Be7 6.Be2 O-O 7.g4 d5 8.e5 Ne4
9.Nxe4 dxe4 10.Bf4 Bg5 11.Bg3 Bh4 12.Nf5 Bxg3 13.hxg3 Qxd1+ 14.Rxd1 Nc6 15.Rd5 Be6
16.Rc5 Rad8 17.a3 Rfe8 18.Ne3 Bc8 19.b4 Rxe5 20.Rh5 Rxc5 21.Rxc5 a6 22.Bxa6 Nd4
23.Be2 c6 24.Re5 Nf3+ 25.Bxf3 exf3 26.g5 Kf8 27.Nf1 Rd6 28.Nh2 g6 29.Nxf3 Bf5
30.c4 Bg4 31.Nd2 f6 32.gxf6 Rxf6 33.a4 Rd6 34.f3 Bf5 35.a5 Rd3 36.g4 Bd7
37.Ke2 Rc3 38.Re3 Rc1 39.Re4  1-0

[Event "Nordic Championships w"]
[Site "Vammala FIN"]
[Date "2005.09.01"]
[Round "6"]
[White "Bashkite,V"]
[Black "Agrest,S"]
[Result "1-0"]
[WhiteElo "2173"]
[BlackElo "2270"]

1.e4 d6 2.d4 Nf6 3.Nc3 e5 4.Nf3 Nbd7 5.Bc4 Be7 6.O-O O-O 7.Qe2 c6 8.a4 a5
9.h3 exd4 10.Nxd4 Nc5 11.Rd1 Qb6 12.Qf3 Be6 13.Nf5 Rae8 14.Nxe7+ Rxe7 15.Bf1 d5
16.Bg5 dxe4 17.Qg3 Kh8 18.Qh4 Rd7 19.Bxf6 gxf6 20.Qxf6+ Kg8 21.Qg5+ Kh8 22.Nxe4 Nxe4
23.Qe5+ Kg8 24.Qxe4 Qxb2 25.Rab1 Qf6 26.Rxd7 Bxd7 27.Bd3 Qh6 28.Qd4 Be6 29.Rxb7 Qg5
30.Qe3 Qg7 31.Kh2 Kh8 32.Qg3 Qd4 33.Rb8 Rxb8 34.Qxb8+ Kg7 35.Qg3+ Kf8 36.f4 h6
37.f5 Bd7 38.Qc7 Ke7 39.Qxa5 Qf4+ 40.Kg1 Qd4+ 41.Kf1 c5 42.Qc7 Ke8 43.a5 c4
44.Qb8+ Ke7 45.Qb4+ Ke8 46.Qxc4 Qa1+ 47.Ke2 Qxa5 48.Qe4+ Kd8 49.Qh4+ Ke8
50.Qxh6 Bxf5 51.Qh8+ Ke7 52.Qh4+ Ke8 53.Bxf5 Qxf5 54.Ke3 Qf1 55.Qe4+ Kf8
56.c4 Qg1+ 57.Kf3 Qd1+ 58.Kg3 Qd6+ 59.Qf4 Qc5 60.h4 Qa3+ 61.Kg4 Qb2 62.Qe4 Qg7+
63.Kh3 Qc3+ 64.g3 Qc1 65.h5 Qf1+ 66.Kg4 Qd1+ 67.Kh4 Qd8+ 68.Kh3 Qd1 69.Qd5 Qf1+
70.Kh4 Qf6+ 71.Kg4 Qg7+ 72.Kh3 Qf6 73.c5 Qf1+ 74.Kh4 Qf2 75.Qe5 Qf3 76.Kg5 Qf1
77.Qd6+ Ke8 78.Qc6+ Kf8 79.Qc8+ Ke7 80.Qc7+ Ke8 81.Qf4 Qb1 82.Qe5+ Kf8 83.Qd6+ Ke8
84.Kf6 Qf1+ 85.Qf4 Qb1 86.Qe5+ Kd8 87.Qd6+ Kc8 88.Qc6+ Kd8 89.Qb6+  1-0

[Event "TCh-POL Ekstraliga"]
[Site "Lubniewice POL"]
[Date "2005.09.03"]
[Round "1"]
[White "Jakubiec,A"]
[Black "Kuzmicz,K"]
[Result "1/2-1/2"]
[WhiteElo "2538"]
[BlackElo "2357"]

1.e4 d6 2.d4 Nf6 3.Nc3 e5 4.Nf3 Nbd7 5.Bc4 Be7 6.O-O O-O 7.Re1 a6 8.a4 b6
9.Bg5 Bb7 10.Qd2 h6 11.Bxh6 gxh6 12.Qxh6 Nh7 13.dxe5 dxe5 14.Re3 Kh8 15.Rd1 Bc5
16.Red3 Qf6 17.Qh3 Nb8 18.Nd5 Bxd5 19.Bxd5 c6 20.Bb3 a5 21.Qh5 Qg6 22.Qxe5+ f6
23.Qe6 Na6 24.Nh4 Qg5 25.Qh3 Qh6 26.Rg3 Rad8 27.Rf1 Ng5 28.Qg4 Rde8 29.Nf5 Qh7
30.Re1 Re5 31.Bc4 Rfe8 32.Nh4 Nc7 33.Bd3 Nce6 34.Kf1 f5 35.Nxf5 Qxh2 36.Nh4 Rf8
37.Qh5+ Kg7 38.Qg6+ Kh8 39.Qh5+ Kg7 40.Qg6+ Kh8 41.Qh6+ Kg8 42.Qg6+ Kh8 43.Qh6+ Kg8  1/2-1/2

[Event "Nordic Championships w"]
[Site "Vammala FIN"]
[Date "2005.09.03"]
[Round "8"]
[White "Hagesaether,E"]
[Black "Agrest,S"]
[Result "1-0"]
[WhiteElo "2190"]
[BlackElo "2270"]

1.e4 d6 2.d4 Nf6 3.Nc3 e5 4.Nge2 Be7 5.g3 O-O 6.Bg2 c6 7.h3 Nbd7 8.a4 b6
9.O-O a6 10.f4 Bb7 11.Kh2 c5 12.d5 Ne8 13.Ng1 Nc7 14.Nf3 Bf6 15.f5 b5 16.axb5 axb5
17.Rxa8 Bxa8 18.g4 b4 19.Ne2 Nb5 20.g5 Be7 21.Qe1 Bb7 22.Rg1 Kh8 23.Bf1 Nc7
24.Ng3 Ba6 25.Bxa6 Nxa6 26.Nh5 Nc7 27.Qh4 Rg8 28.Qg4 g6 29.Ng3 gxf5 30.Qxf5 Nf8
31.Qxf7 Ng6 32.Nf5 Ne8 33.N3h4 Nxh4 34.Nxe7 Ng7 35.Nxg8 Qxg8 36.Rf1 Ne8 37.Kg3 Ng6
38.h4 Qxf7 39.Rxf7 Kg8 40.Rd7 Kf8 41.Rxh7 Ng7 42.h5 Ne7 43.Rh8+  1-0

[Event "Open A"]
[Site "Trieste ITA"]
[Date "2005.09.04"]
[Round "3"]
[White "Pavasovic,D"]
[Black "Borgo,G"]
[Result "1-0"]
[WhiteElo "2566"]
[BlackElo "2380"]

1.e4 d6 2.d4 Nf6 3.Nc3 e5 4.Nf3 Nbd7 5.Bc4 Be7 6.O-O O-O 7.Re1 c6 8.a4 a5
9.b3 h6 10.Ba3 Re8 11.Qd2 Qc7 12.Rad1 Nb6 13.Be2 Bg4 14.h3 Bh5 15.Nh4 Bxe2
16.Rxe2 Rad8 17.Nf5 Kh8 18.Qe3 Kh7 19.Red2 exd4 20.Qxd4 c5 21.Qd3 g6 22.Ne3 Qc6
23.Qb5 Rc8 24.f3 c4 25.Qxc6 Rxc6 26.Ncd5 Nfxd5 27.Nxd5 Nxd5 28.Rxd5 cxb3
29.cxb3 Rb6 30.R1d3 Kg8 31.Bc1 Rc6 32.Bf4 Ra8 33.Bxd6 Bxd6 34.Rxd6 Raa6 35.Rxc6 Rxc6
36.Rd5 b6 37.h4 h5 38.Kf2 Kf8 39.Kg3 Ke7 40.Kf4 Ke6 41.g4 hxg4 42.fxg4 f6
43.Rb5 Rd6 44.h5 Kf7 45.Ke3 Rc6 46.Kd4 Kg7 47.Kd5 Rc3 48.Rxb6 Rg3 49.e5 fxe5
50.Rxg6+ Kh7 51.Kxe5 Rxb3 52.Rd6 Ra3 53.Rd4 Kh6 54.Kf4 Rc3 55.Kf5 Rc5+ 56.Kf4 Rc6
57.Rd5 Rc4+ 58.Kf5 Rxa4 59.Rd7  1-0

[Event "TCh-POL Ekstraliga"]
[Site "Lubniewice POL"]
[Date "2005.09.06"]
[Round "4"]
[White "Jaracz,B"]
[Black "Worek,J"]
[Result "0-1"]
[WhiteElo "2251"]
[BlackElo "2263"]

1.e4 d6 2.d4 Nf6 3.Nc3 c6 4.Nf3 Bg4 5.Be2 e6 6.O-O d5 7.exd5 Bxf3 8.Bxf3 cxd5
9.Ne2 Nbd7 10.c4 dxc4 11.Bxb7 Rb8 12.Ba6 Bd6 13.h3 Qc7 14.Qc2 Nb6 15.Bg5 Nfd7
16.Nc3 O-O 17.Nb5 Qc6 18.b3 Qd5 19.bxc4 Nxc4 20.Nxd6 Nxd6 21.Be3 Nf5 22.Bd3 Rfc8
23.Qd2 Nf6 24.Rac1 Nh4 25.f3 Qd6 26.Bf2 Ng6 27.Bxg6 hxg6 28.Rfd1 Nd5 29.Kh1 Qa3
30.Bg3 Ra8 31.Kh2 a5 32.Rxc8+ Rxc8 33.Rb1 a4 34.Rb7 Ne3 35.Bd6  0-1

[Event "Open A"]
[Site "Trieste ITA"]
[Date "2005.09.06"]
[Round "5"]
[White "Brunello,S"]
[Black "Borgo,G"]
[Result "0-1"]
[WhiteElo "2373"]
[BlackElo "2380"]

1.e4 d6 2.d4 Nf6 3.Nc3 e5 4.Nf3 Nbd7 5.Bc4 Be7 6.O-O O-O 7.Re1 c6 8.a3 b5
9.Bb3 a6 10.d5 c5 11.Nd2 c4 12.Ba2 Nc5 13.Re3 g6 14.b4 Ncd7 15.a4 Rb8 16.axb5 axb5
17.Ne2 Nh5 18.Ra3 Qe8 19.Nf1 f5 20.exf5 gxf5 21.f4 Bd8 22.Bb1 Ndf6 23.h3 Qf7
24.Nfg3 Bb6+ 25.Kh2 Ng7 26.Bb2 Re8 27.fxe5 dxe5 28.Nc3 Bd7 29.Ra6 Qg6 30.Qf3 Qg5
31.Nce2 f4 32.Ne4 Nxe4 33.Qxe4 Bf5 34.Qf3 Nh5 35.d6 Nf6 36.c3 Bc8 37.d7 Bxd7
38.Bc1 Bg4 39.Qf1 Bc8 40.Ra8 Ng4+ 41.Kh1 Nf2+ 42.Kh2 Ng4+ 43.Kh1 Nf2+ 44.Kh2 Bb7
45.Rxb8 Rxb8 46.g3 fxg3+ 47.Nxg3 Ng4+ 48.hxg4 Qh4+ 49.Qh3 Bg1+  0-1

[Event "58th ch-RUS Semi-Final"]
[Site "Kazan RUS"]
[Date "2005.09.08"]
[Round "6"]
[White "Smirnov,P"]
[Black "Bocharov,D"]
[Result "0-1"]
[WhiteElo "2635"]
[BlackElo "2574"]

1.e4 d6 2.d4 Nf6 3.Nc3 e5 4.Nge2 Be7 5.g3 Bg4 6.Bg2 exd4 7.Qxd4 Nc6 8.Qe3 O-O
9.O-O Qc8 10.Nf4 Re8 11.b3 Bf8 12.Bb2 Ne5 13.h3 Bd7 14.g4 Ng6 15.g5 Nxf4
16.Qxf4 Nh5 17.Qh4 g6 18.Nd5 Bc6 19.c4 Bxd5 20.cxd5 Qd8 21.Qg4 h6 22.f4 hxg5
23.fxg5 Bg7 24.Bxg7 Kxg7 25.Rf2 Re5 26.Raf1 Qe7 27.Rxf7+ Qxf7 28.Rxf7+ Kxf7
29.Qd7+ Re7 30.Qb5 b6 31.e5 Rxe5 32.Qc6 Rae8 33.Qxc7+ R8e7 34.Qxd6 Rxg5 35.Kh2 Rf5
36.Qc6 Re2 37.Kg1 Re1+ 38.Kh2 Rf2 39.d6 Ree2 40.Qb7+ Kf6  0-1

[Event "IX Taca BCX"]
[Site "Brasiliat BRA"]
[Date "2005.09.09"]
[Round "7"]
[White "Marra,E"]
[Black "Crosa,M"]
[Result "1-0"]
[WhiteElo "2262"]
[BlackElo "2415"]

1.e4 d6 2.d4 Nf6 3.Nc3 c6 4.f4 Qa5 5.Bd3 e5 6.Nf3 Bg4 7.Be3 d5 8.fxe5 dxe4
9.exf6 exd3 10.fxg7 Bxg7 11.Qxd3 Nd7 12.Qe4+ Be6 13.Bg5 h6 14.Bh4 Nb6 15.O-O Nc4
16.Qf4 O-O 17.d5 cxd5 18.Bf6 Qc5+ 19.Nd4 Qd6 20.Qh4 Bd7 21.Nxd5 Rfe8 22.Bxg7 Qxd5
23.Qxh6 f5 24.Bf6  1-0

[Event "FSIMB September"]
[Site "Budapest HUN"]
[Date "2005.09.09"]
[Round "7"]
[White "Vasilkova,S"]
[Black "Kahn,E"]
[Result "0-1"]
[WhiteElo "2308"]
[BlackElo "2307"]

1.e4 Nf6 2.Nc3 c6 3.d4 d6 4.Be3 e5 5.Nge2 Ng4 6.Bc1 Qh4 7.g3 Qf6 8.f4 exf4
9.Nxf4 g5 10.Nh3 Bg7 11.Be2 Qxd4 12.Bxg4 Qxd1+ 13.Bxd1 Bxh3 14.Bxg5 Bg2 15.Rg1 Bxc3+
16.bxc3 Bxe4 17.Kd2 Nd7 18.Re1 d5 19.Bf3 Nc5 20.Bf6 O-O 21.Be7 Bxf3 22.Bxc5 Rfe8
23.a4 b6 24.Be3 c5 25.a5 Rac8 26.a6 Re6 27.Bf4 Be4 28.g4 f6 29.h4 Kg7 30.g5 b5
31.Ra5 b4 32.cxb4 cxb4 33.Rc1 Rec6 34.Rb5 Rxa6 35.Rxb4 Ra2 36.Rb7+ Kg6 37.gxf6 Kxf6
38.Rc7 Rxc7 39.Bxc7 d4 40.Kd1 Ke6 41.Bf4 a5 42.Bd2 a4 43.Bb4 Kd5 44.c4+ Kc6
45.Ke1 a3 46.Rd1 d3 47.Rd2 Ra1+ 48.Kf2 a2  0-1

[Event "TCh-POL Ekstraliga"]
[Site "Lubniewice POL"]
[Date "2005.09.09"]
[Round "7"]
[White "Grabarczyk,B"]
[Black "Kuzmicz,K"]
[Result "1/2-1/2"]
[WhiteElo "2464"]
[BlackElo "2357"]

1.e4 d6 2.d4 Nf6 3.Nc3 e5 4.Nf3 Nbd7 5.Bc4 Be7 6.O-O O-O 7.Re1 a6 8.a4 b6
9.Nd5 Bb7 10.Nxe7+ Qxe7 11.d5 c6 12.Ra3 b5 13.dxc6 Bxc6 14.Bd5 Bxd5 15.exd5 Nb6
16.Bg5  1/2-1/2

[Event "TCh-FIN 2005-6"]
[Site "Helsinki FIN"]
[Date "2005.09.10"]
[Round "1"]
[White "Kulaots,K"]
[Black "Kiik,K"]
[Result "1/2-1/2"]
[WhiteElo "2570"]
[BlackElo "2449"]

1.e4 d6 2.d4 Nf6 3.Nc3 e5 4.Nf3 Nbd7 5.Bc4 Be7 6.O-O O-O 7.Re1 a6 8.a4 b6
9.b3 Bb7 10.Bb2 c6 11.Bd3 Re8 12.Ne2 Bf8 13.Ng3 g6 14.Qd2 Bg7 15.Rad1 Qc7
16.Qc1 b5 17.Qa1 c5 18.d5 c4 19.bxc4 b4 20.a5 Nc5 21.Bc1  1/2-1/2

[Event "Open A"]
[Site "Trieste ITA"]
[Date "2005.09.10"]
[Round "9"]
[White "Zufic,M"]
[Black "Borgo,G"]
[Result "0-1"]
[WhiteElo "2391"]
[BlackElo "2380"]

1.e4 d6 2.d4 Nf6 3.Nc3 e5 4.Nf3 Nbd7 5.Bc4 Be7 6.O-O O-O 7.a4 a5 8.Re1 c6
9.h3 exd4 10.Nxd4 Nc5 11.b3 Be6 12.Bxe6 fxe6 13.Ba3 Nfd7 14.Qe2 Qe8 15.Rad1 Qf7
16.Nf3 Rae8 17.Bb2 d5 18.e5 g5 19.Nb1 Qg6 20.Rd4 Ne4 21.Nbd2 Ndc5 22.Rf1 Rf5
23.Nxe4 Nxe4 24.Rxe4 dxe4 25.Nd2 g4 26.hxg4 Rf4 27.g3 Rxg4 28.Kg2 Bc5 29.Nc4 Rf8
30.Ne3 Rg5 31.Rd1 h5 32.Bd4 Bxd4 33.Rxd4 h4 34.Nf1 Rgf5  0-1

[Event "Open A"]
[Site "Trieste ITA"]
[Date "2005.09.10"]
[Round "9"]
[White "Efimov,I"]
[Black "Tratar,M"]
[Result "1/2-1/2"]
[WhiteElo "2401"]
[BlackElo "2419"]

1.d4 d6 2.e4 Nf6 3.Nc3 e5 4.Nf3 exd4 5.Qxd4 Be7 6.Bf4 O-O 7.O-O-O Nc6 8.Qd2 a6
9.h3 b5 10.Bd3 Be6 11.Rhe1 Nd7 12.Nd5 Nde5 13.Be2 Nxf3 14.Bxf3 Ne5 15.Be2 Bxd5
16.Qxd5 Bg5 17.Bd2 Bxd2+ 18.Qxd2 Qh4 19.Bf1 Rfe8 20.Re3 Nd7 21.g3 Qf6 22.Bg2 Rad8
23.f4 Nb6 24.Qc3 Na4 25.Qxf6 gxf6 26.Rd5 Re6 27.b3 Nb6 28.Rh5 Rde8 29.Rc3 d5
30.Rxc7 dxe4 31.Bf1 Rd8 32.Rhc5 e3 33.R7c6 Rd2 34.Rxe6 fxe6 35.Rc6 Nd5 36.Rxe6 Kf7
37.f5 Nc3 38.Rxe3 Rd1+ 39.Kb2 b4 40.Bc4+ Kf8 41.Rxc3 bxc3+ 42.Kxc3 a5 43.g4 Ke7
44.h4 h6 45.Be2 Re1 46.Kd3 Kd6 47.a4 Kc5 48.Ke3 Rh1 49.Kf3 Kd4 50.Kg2 Rc1
51.Bd3 Ke5 52.Kf3 Rh1 53.Kg3 Rg1+ 54.Kf3 Rh1  1/2-1/2

[Event "EYb18"]
[Site "Herceg Novi SCG"]
[Date "2005.09.14"]
[Round "1"]
[White "Mijovic,S"]
[Black "Nechepurenko,R"]
[Result "1/2-1/2"]
[WhiteElo "2135"]
[BlackElo "2414"]

1.e4 d6 2.d4 Nf6 3.Nc3 e5 4.Nf3 Nbd7 5.Bc4 Be7 6.O-O O-O 7.Re1 c6 8.a4 Qc7
9.Ba2 b6 10.Nh4 exd4 11.Nf5 dxc3 12.Nxe7+ Kh8 13.bxc3 Nc5 14.Nxc8 Raxc8 15.Qd4 Ncxe4
16.Bf4 c5 17.Qd3 c4 18.Qd4 Qc6 19.f3 Nc5 20.Bxc4 d5 21.Bb5 Ne6 22.Bxc6 Nxd4
23.cxd4 Rxc6 24.Re2 h6 25.a5 b5 26.a6 Nh5 27.Bg3 Nxg3 28.hxg3 Re6 29.Kf1 Rc8
30.Rb1 Rb6 31.Re7 Rxa6 32.Rxb5 Rxc2 33.Re2 Rxe2 34.Kxe2 Re6+ 35.Kd3 Rd6 36.Rb7 a5
37.Ra7 Rg6 38.g4 h5 39.Rxa5 hxg4  1/2-1/2

[Event "Geller mem Open A"]
[Site "Odessa UKR"]
[Date "2005.09.16"]
[Round "2"]
[White "Arutyunova,D"]
[Black "Garifulin,A"]
[Result "1/2-1/2"]
[WhiteElo "2338"]
[BlackElo "2299"]

1.e4 d6 2.d4 Nf6 3.Nc3 c6 4.f4 Qa5 5.Bd2 Qb6 6.Nf3 Bg4 7.e5 dxe5 8.dxe5 Nd5
9.Nxd5 cxd5 10.h3 Bf5 11.Bc3 e6 12.Qd2 Nc6 13.Nd4 Bc5 14.O-O-O Be4 15.Kb1 O-O
16.Nxc6 bxc6 17.Ba5 Qb7 18.Bd3  1/2-1/2

[Event "ProMoPro Open"]
[Site "Prague CZE"]
[Date "2005.09.19"]
[Round "5"]
[White "Stross,F"]
[Black "Balhar,J"]
[Result "1/2-1/2"]
[WhiteElo "2272"]
[BlackElo "2098"]

1.e4 d6 2.d4 Nf6 3.Nc3 e5 4.Nge2 c6 5.f3 Be7 6.g4 Nfd7 7.Ng3 Bh4 8.Be3 h5
9.gxh5 Rxh5 10.Rg1 Rh7 11.Qd2 exd4 12.Qxd4 Ne5 13.Be2 Bf6 14.Qb4 a5 15.Qb6 Be6
16.Qxd8+  1/2-1/2

[Event "EYb18"]
[Site "Herceg Novi SCG"]
[Date "2005.09.20"]
[Round "6"]
[White "Tanrikulu,E"]
[Black "Labeckas,K"]
[Result "0-1"]
[WhiteElo "2167"]
[BlackElo "2118"]

1.e4 d6 2.d4 Nf6 3.Nc3 e5 4.Nf3 Nbd7 5.Bc4 Be7 6.O-O O-O 7.h3 c6 8.a4 Qc7
9.Be3 b6 10.Qe2 Bb7 11.Rfd1 d5 12.exd5 cxd5 13.Bb3 e4 14.Nd2 a6 15.Na2 b5
16.Nc3 b4 17.Na2 a5 18.c4 Ba6 19.Rac1 Nb6 20.Rc2 Rfc8 21.Rdc1 Qd7 22.Qd1 dxc4
23.Nxc4 Bxc4 24.Bxc4 Qxa4 25.Bb3 Qd7 26.Rxc8+ Rxc8 27.Rxc8+ Nxc8 28.d5 Qc7
29.Nc1 Bc5 30.Qc2 Bd6 31.Qxc7 Bxc7 32.Bd4 Ne7 33.Bxf6 gxf6 34.Bc4 a4 35.Na2 Bd6
36.Kf1 Nc8 37.Bb5 Nb6 38.Ke2 Bc5 39.Nc1 Kf8 40.f3 f5 41.Bc6 Ke7 42.fxe4 fxe4
43.d6+ Kxd6 44.Bxe4 Bd4 45.b3 a3 46.Bxh7 Nd5 47.Kd3 Bb2 48.Na2 Kc5 49.Kc2 Ne3+
50.Kd3 Nxg2  0-1

[Event "EYg16"]
[Site "Herceg Novi SCG"]
[Date "2005.09.20"]
[Round "6"]
[White "Sirisena,C"]
[Black "Palkova,H"]
[Result "0-1"]
[WhiteElo "1943"]
[BlackElo "2020"]

1.e4 d6 2.d4 Nf6 3.Nc3 c6 4.f4 Qa5 5.Bd3 e5 6.Nf3 Bg4 7.Be3 Be7 8.O-O Nbd7
9.h3 Bxf3 10.Qxf3 O-O 11.Ne2 c5 12.dxe5 dxe5 13.Nc3 Rad8 14.Nd5 Bd6 15.f5 Rfe8
16.c4 Nxd5 17.exd5 a6 18.g4 Qb4 19.b3 Re7 20.Be4 f6 21.h4 b5 22.Qe2 Qa5 23.g5 Rb8
24.Rf2 Ree8 25.Rg2 Rb7 26.Kh2 Reb8 27.Rag1 bxc4 28.bxc4 Rb2 29.Qg4 Bf8 30.h5 Qc3
31.Bc1 Rxg2+ 32.Qxg2 fxg5 33.Qxg5 Qxc4 34.Rg4 Qe2+ 35.Kh3 h6 36.Qg6 Rb6 37.f6 Nxf6  0-1

[Event "10th ECC w"]
[Site "Saint Vincent ITA"]
[Date "2005.09.20"]
[Round "3"]
[White "Kochetkova,J"]
[Black "Chelushkina,I"]
[Result "1-0"]
[WhiteElo "2346"]
[BlackElo "2330"]

1.e4 d6 2.d4 Nf6 3.Nc3 e5 4.Nf3 Nbd7 5.g4 exd4 6.Qxd4 Nxg4 7.Bf4 Nge5 8.Be2 c6
9.O-O-O Qb6 10.Qd2 Nxf3 11.Bxf3 Ne5 12.Be2 Be7 13.Rhg1 g6 14.Be3 Qc7 15.f4 Nd7
16.Bd4 f6 17.h4 b5 18.h5 b4 19.Nb1 c5 20.Bf2 Bb7 21.hxg6 hxg6 22.Rxg6 O-O-O
23.Qe3 Kb8 24.Nd2 Nf8 25.Rgg1 Ne6 26.Bc4 Nd4 27.Nb3 d5 28.exd5 Bd6 29.Kb1 Rde8
30.Qd3 Ne2 31.Rge1 Nxf4 32.Rxe8+ Rxe8 33.Qf5 Bc8 34.Qxf6 Nh3 35.Qh4 a5 36.Bb5 Rf8
37.Be3 Nf4 38.Qh6 Ng2 39.Nxa5 Nxe3 40.Nc6+ Ka8 41.Qxe3 Qb6 42.Bc4 Bd7 43.Ne5 Bxe5
44.Qxe5 Re8 45.Qf4 Qg6 46.Qc7 Qg4 47.Rc1 Qxc4 48.Qxd7 Re2 49.b3 Qe4 50.Qc8+ Ka7
51.Qxc5+ Kb8 52.Qc4 Qxc4 53.bxc4 Re4 54.Rd1 Rxc4 55.Kb2 Kc7 56.d6+ Kd7 57.Rd2 Rh4
58.Kb3 Rg4 59.a3 bxa3 60.Kxa3 Rc4 61.Kb3 Rc6 62.c3 Rb6+ 63.Ka4 Rc6 64.Rd3 Rc8
65.Kb5 Rb8+ 66.Kc5 Rc8+ 67.Kb5 Rb8+ 68.Ka5 Ra8+ 69.Kb4 Rb8+ 70.Kc4 Rc8+ 71.Kd5 Rc6
72.Ke5 Rc5+ 73.Ke4 Rc4+ 74.Kf3 Rh4 75.Ke3 Rc4 76.Ke2 Rc6 77.Kd2 Ra6 78.Rd4 Ra2+
79.Kd3 Ra3 80.Rd5 Ra1 81.c4 Rd1+ 82.Ke4 Re1+ 83.Kd4 Kc6 84.Kc3 Kd7 85.Rd3 Rc1+
86.Kb4 Rb1+ 87.Kc5 Rh1 88.Rb3 Rh5+ 89.Kb6 Rh8 90.Rb5 Kxd6 91.Rd5+ Ke6 92.Rd2 Rh1
93.c5 Rc1 94.c6 Rb1+ 95.Ka7 Rc1 96.Kb7 Rb1+ 97.Kc8 Rc1 98.c7 Ke7 99.Re2+ Kf7
100.Re5 Kf6 101.Rb5 Ke7 102.Kb8 Kd7 103.Rb2  1-0

[Event "10th ECC w"]
[Site "Saint Vincent ITA"]
[Date "2005.09.22"]
[Round "5"]
[White "Tsereteli,T"]
[Black "Fominykh,M"]
[Result "1/2-1/2"]
[WhiteElo "2342"]
[BlackElo "2335"]

1.e4 d6 2.d4 Nf6 3.Nc3 e5 4.Nf3 Nbd7 5.Bc4 Be7 6.O-O O-O 7.Re1 c6 8.a4 Rb8
9.Bg5 h6 10.Bh4 Nh7 11.Bg3 Ng5 12.Nxg5 Bxg5 13.dxe5 dxe5 14.Qd3 Qe7 15.Rad1 Re8
16.Qd6 a5 17.Qxe7 Bxe7 18.Re3 Bf6 19.Red3 Nc5 20.Rd6  1/2-1/2

[Event "TCh-NED 2005-6"]
[Site "Netherlands NED"]
[Date "2005.09.24"]
[Round "1"]
[White "Bosman,M"]
[Black "Abeln,M"]
[Result "1/2-1/2"]
[WhiteElo "2332"]
[BlackElo "2355"]

1.e4 d6 2.d4 Nf6 3.Nc3 e5 4.dxe5 dxe5 5.Qxd8+ Kxd8 6.Bc4 Be6 7.Bxe6 fxe6
8.f3 Bd6 9.Nh3 a6 10.Nf2 Nc6 11.Be3 Ke7 12.O-O-O h6 13.Kb1 b5 14.Rd2 Rhb8
15.Ne2 a5 16.Rc1 Nd7 17.c4 bxc4 18.Rxc4 Nb4 19.Nd3 Rb7 20.Nc5 Nxc5 21.Bxc5 Rab8
22.Nc1 Rb5 23.Be3 Na6 24.Nd3 Ba3 25.Kc1 Bd6 26.b3 Rd8 27.Kd1 Nb8 28.Nb2 Nd7
29.Rc6 Nb8 30.Rcc2 Na6 31.Na4 Rd7 32.Ke2 Bb4 33.Rxd7+ Kxd7 34.Rc1 Bd6 35.Rc2 Nb4
36.Rd2 Ke7 37.Kd1 Nc6 38.Kc2 Bb4 39.Rd1 Bd6 40.h3 Nb4+ 41.Kb1 Na6 42.Rc1 Kd7
43.Rc3 Ke7 44.Kb2 Kd7 45.Rc4 Nb4 46.Bd2 Nc6 47.Bc3 Bb4 48.Kc2 Bxc3  1/2-1/2

[Event "TCh-NED 2005-6"]
[Site "Netherlands NED"]
[Date "2005.09.24"]
[Round "1"]
[White "Middelburg,T"]
[Black "Fridman,R"]
[Result "1/2-1/2"]
[WhiteElo "2416"]
[BlackElo "2405"]

1.e4 d6 2.d4 Nf6 3.Nc3 e5 4.Nf3 exd4 5.Nxd4 Be7 6.g3 O-O 7.Bg2 Nc6 8.Nde2 Rb8
9.O-O Re8 10.h3 b5 11.a3 Bf8 12.g4 a5 13.g5 Nd7 14.f4 Nc5 15.Ng3 b4 16.axb4 axb4
17.Nd5 b3 18.c4 Nb4 19.Bd2 Nxd5 20.cxd5 Bd7 21.Bc3 c6 22.Bd4 cxd5 23.exd5 Bb5
24.Rf3 Ra8  1/2-1/2

[Event "4th Kesarovski - Georgiev Memorial"]
[Site "Sunny Beach BUL"]
[Date "2005.09.24"]
[Round "9"]
[White "Jordanova,S"]
[Black "Panajotov,J"]
[Result "1/2-1/2"]
[WhiteElo "2179"]
[BlackElo "2302"]

1.e4 d6 2.d4 Nf6 3.Nc3 c6 4.Be3 e5 5.Nf3 Nbd7 6.a4 Qa5 7.Bd3 Be7 8.h3 exd4
9.Nxd4 Nc5 10.O-O Nxd3 11.cxd3 Qh5 12.Qxh5 Nxh5 13.f4 f5 14.a5 a6 15.Rf3 g6
16.Na4 Bd8 17.b4 Ng7 18.Re1 Kf7 19.Nc2 Re8 20.Nb6 Rb8 21.Nc4 Be7 22.Ba7 Ra8
23.Bf2 Be6 24.Nb6 Rad8 25.Nd4 Bd7 26.Nc2 Be6 27.Rfe3 g5 28.exf5 Bxf5 29.g4 Bd7
30.f5 Bf6 31.Rxe8 Bxe8 32.Re2 Kf8 33.Nc4 Bf7 34.Nd2 Bd5 35.Ne3 Bf7 36.Ne4 Ne8
37.Nf1 Be7 38.Bb6 Rd7 39.Bd4 h6 40.Nfg3 Bd5 41.Nc3 Bg8 42.Nce4 Bd5 43.Kf2 Bxe4
44.Nxe4 Kf7 45.Kf3 Nc7 46.Nc3 c5 47.Bf2 cxb4 48.Ne4 Nd5 49.Bg3 Nc3 50.Rb2 d5
51.Nd2 Bc5 52.Nb3 Be7  1/2-1/2

[Event "2nd Highlands Open A"]
[Site "Havlickuv Brod CZE"]
[Date "2005.09.25"]
[Round "2"]
[White "Konstacky,M"]
[Black "Umanec,F"]
[Result "0-1"]
[WhiteElo "1964"]
[BlackElo "2138"]

1.e4 d6 2.d4 Nf6 3.Nc3 c6 4.f3 Nbd7 5.Be3 e5 6.Qd2 Qa5 7.g4 h6 8.h4 Be7 9.O-O-O b5
10.Bh3 b4 11.Nb1 Nb6 12.b3 exd4 13.Bxd4 c5 14.Bxf6 Bxf6 15.Qxd6 Bb7 16.e5 Bxh4
17.e6 Rd8 18.exf7+ Kxf7 19.Qc7+ Kg6 20.Qxb7 Bg5+ 21.f4 Bxf4+ 22.Nd2 Rhe8
23.Nf3 Qxa2 24.c4 bxc3 25.Rhf1 Qb2+  0-1

[Event "14th Monarch Assurance"]
[Site "Port Erin IOM"]
[Date "2005.09.25"]
[Round "2"]
[White "Galkin,A"]
[Black "Kunin,V"]
[Result "1/2-1/2"]
[WhiteElo "2598"]
[BlackElo "2448"]

1.e4 d6 2.d4 Nf6 3.Nc3 e5 4.Nf3 Nbd7 5.Bc4 Be7 6.O-O O-O 7.a4 c6 8.Re1 h6
9.Ba2 Re8 10.h3 Bf8 11.Be3 b6 12.dxe5 dxe5 13.Nh4 Nc5 14.Qf3 Be6 15.Rad1 Qc8
16.Bxe6  1/2-1/2

[Event "14th Monarch Assurance"]
[Site "Port Erin IOM"]
[Date "2005.09.25"]
[Round "2"]
[White "Negi,P"]
[Black "Hickman,J"]
[Result "1-0"]
[WhiteElo "2376"]
[BlackElo "2115"]

1.e4 d6 2.d4 Nf6 3.Nc3 c6 4.f4 Qa5 5.Bd3 e5 6.Nf3 Nbd7 7.h3 Be7 8.O-O O-O
9.Be3 Qc7 10.Ne2 b5 11.Ng3 g6 12.c3 Bb7 13.f5 c5 14.dxe5 Nxe5 15.Nxe5 dxe5
16.Bxb5 Nxe4 17.Nxe4 Bxe4 18.Qg4 Bc6 19.Bc4 Kg7 20.f6+ Bxf6 21.Rxf6 Kxf6
22.Qh4+ Kg7 23.Bh6+  1-0

[Event "2nd Highlands Open A"]
[Site "Havlickuv Brod CZE"]
[Date "2005.09.26"]
[Round "3"]
[White "Bina,J"]
[Black "Splichal,S"]
[Result "1-0"]
[WhiteElo "2097"]
[BlackElo "2206"]

1.e4 d6 2.d4 Nf6 3.Nc3 c6 4.Nf3 Bg4 5.Be2 e6 6.O-O d5 7.exd5 cxd5 8.Ne5 Bxe2
9.Qxe2 Nc6 10.Be3 Bd6 11.f4 O-O 12.Nd1 Rc8 13.Nf2 Na5 14.Rae1 b5 15.g4 b4
16.g5 Nd7 17.Nfg4 f5 18.gxf6 Nxf6 19.f5 Nxg4 20.Qxg4 exf5 21.Rxf5 Rxf5 22.Qxf5 Qe8
23.Bd2 Bxe5 24.Rxe5 Qg6+ 25.Qxg6 hxg6 26.Rxd5 Rxc2 27.Bxb4 Nc6 28.Bc3 Ne7
29.Re5 Nf5 30.d5 Nh4 31.Re3 Rc1+ 32.Kf2 Rd1 33.Re5 Nf5 34.Ke2 Rh1 35.Re8+ Kf7
36.Ra8 Rxh2+ 37.Kd3 Ke7 38.Be5 Rh4 39.Rxa7+ Kd8 40.Bxg7 Rb4 41.Be5  1-0

[Event "14th Monarch Assurance"]
[Site "Port Erin IOM"]
[Date "2005.09.27"]
[Round "4"]
[White "Areshchenko,A"]
[Black "Kunin,V"]
[Result "1-0"]
[WhiteElo "2625"]
[BlackElo "2448"]

1.e4 d6 2.d4 Nf6 3.Nc3 e5 4.dxe5 dxe5 5.Qxd8+ Kxd8 6.Bc4 Ke8 7.Nf3 Bd6 8.h3 a6
9.a4 Nbd7 10.Be3 b6 11.Ke2 Bb7 12.Nd2 h6 13.f3 Bc5 14.Nf1 Ke7 15.h4 g6 16.g4 c6
17.h5 Bxe3 18.Nxe3 Nc5 19.b4 Ne6 20.Bxe6 Kxe6 21.hxg6 fxg6 22.Nc4 Rad8 23.Nxb6 h5
24.gxh5 Nxh5 25.Ke3 Rd4 26.Rag1 Kf7 27.Ne2 Rxb4 28.Nd7 Ke6 29.Nxe5 Rxa4 30.Rxg6+ Ke7
31.Rg5  1-0

[Event "14th Monarch Assurance"]
[Site "Port Erin IOM"]
[Date "2005.09.27"]
[Round "4"]
[White "Bennion,D"]
[Black "Bosboom Lanchava,T"]
[Result "0-1"]
[WhiteElo "2074"]
[BlackElo "2363"]

1.e4 d6 2.d4 Nf6 3.Nc3 Nbd7 4.Nf3 e5 5.Bc4 Be7 6.Ng5 d5 7.exd5 O-O 8.Be3 h6
9.h4 Nb6 10.Bd3 Nbxd5 11.dxe5 Nxe3 12.fxe3 Ng4 13.e6 f5 14.Nf7 Bxh4+ 15.Ke2 Qf6
16.g3 Qxe6 17.Qg1 Bf6 18.b3 Qxf7  0-1

[Event "2nd Highlands Open A"]
[Site "Havlickuv Brod CZE"]
[Date "2005.09.28"]
[Round "5"]
[White "Kanovsky,D"]
[Black "Voloshin,L"]
[Result "1/2-1/2"]
[WhiteElo "2328"]
[BlackElo "2477"]

1.e4 d6 2.d4 Nf6 3.Nc3 e5 4.dxe5 dxe5 5.Qxd8+ Kxd8 6.Bg5 Be6 7.O-O-O+ Nd7
8.f4 exf4 9.Nge2 Bd6 10.Nxf4 h6 11.Bxf6+ gxf6 12.g3 Be5 13.Nce2 Ke7 14.Bh3 Bxh3
15.Nxh3 Nc5 16.Nd4 Nxe4 17.Rhe1 Nd6  1/2-1/2